| 000 | 01343cam a2200373 a 4500 | ||
|---|---|---|---|
| 001 | 15601221 | ||
| 003 | OSt | ||
| 005 | 20180117085959.0 | ||
| 008 | 090127s2010 enka b 001 0 eng | ||
| 010 | _a 2009002262 | ||
| 015 |
_aGBA952751 _2bnb |
||
| 016 | 7 |
_a015266749 _2Uk |
|
| 020 | _a9780415778190 (hbk) | ||
| 020 | _a0415778190 (hbk) | ||
| 020 | _a9780415778428 (pbk) | ||
| 020 | _a0415778425 (pbk) | ||
| 020 | _a9780203874141 (ebk) | ||
| 020 | _a0203874145 (ebk) | ||
| 035 | _a(OCoLC)ocn297149200 | ||
| 040 |
_aDLC _cDLC _dBTCTA _dYDXCP _dUKM _dBWK _dBWKUK _dDLC |
||
| 050 | 0 | 0 |
_aJZ1305 _b.W43 2010 |
| 082 | 0 | 0 |
_a327.101 _222 |
| 100 | 1 | _aWeber, Cynthia. | |
| 245 | 1 | 0 |
_aInternational relations theory : _ba critical introduction / _cCynthia Weber. |
| 250 | _a3rd ed. | ||
| 260 |
_aLondon ; _aNew York : _bRoutledge, _c2010. |
||
| 300 |
_axxiv, 239 p. : _bill. ; _c26 cm. |
||
| 504 | _aIncludes bibliographical references and index. | ||
| 650 | 0 |
_aInternational relations _xPhilosophy. |
|
| 906 |
_a7 _bcbc _corignew _d1 _eecip _f20 _gy-gencatlg |
||
| 942 |
_2ddc _cBK |
||
| 999 |
_c3136 _d3136 |
||